000097407 001__ 97407
000097407 005__ 20260319125737.0
000097407 0247_ $$2doi$$a10.1063/1.4893347
000097407 0247_ $$2ISSN$$a0021-9606
000097407 0247_ $$2ISSN$$a1089-7690
000097407 0247_ $$2altmetric$$aaltmetric:2619688
000097407 0247_ $$2pmid$$a25173008
000097407 0247_ $$2WOS$$aWOS:000341987600014
000097407 037__ $$aGSI-2015-01254
000097407 041__ $$aEnglish
000097407 082__ $$a540
000097407 1001_ $$aBorschevsky, A.$$b0$$eCorresponding Author
000097407 245__ $$aRelativistic coupled cluster study of diatomic compounds of Hg, Cn, and Fl
000097407 260__ $$aMelville, NY$$bAmerican Institute of Physics$$c2014
000097407 3367_ $$00$$2EndNote$$aJournal Article
000097407 3367_ $$2DRIVER$$aarticle
000097407 3367_ $$0PUB:(DE-HGF)16$$2PUB:(DE-HGF)$$aJournal Article$$bjournal$$mjournal$$s1431548140_17734
000097407 3367_ $$2BibTeX$$aARTICLE
000097407 536__ $$0G:(DE-HGF)POF2-544$$a544 - In-house Research with PNI (POF2-544)$$cPOF2-544$$fPOF II$$x0
000097407 588__ $$aDataset connected to CrossRef, repository.gsi.de
000097407 7001_ $$0P:(DE-Ds200)BUDP1-0238$$aPershina-Naegele, V.$$b1
000097407 7001_ $$aEliav, E.$$b2
000097407 7001_ $$aKaldor, U.$$b3
000097407 773__ $$0PERI:(DE-600)1473050-9$$a10.1063/1.4893347$$gVol. 141, no. 8, p. 084301 -$$n8$$p084301 -$$tThe @journal of chemical physics$$v141$$x1089-7690$$y2014
000097407 909CO $$ooai:repository.gsi.de:97407$$pVDB
000097407 9101_ $$0I:(DE-Ds200)20121206GSI$$6P:(DE-Ds200)BUDP1-0238$$aGSI Helmholtzzentrum für Schwerionenforschung GmbH$$b1$$kGSI
000097407 9131_ $$0G:(DE-HGF)POF2-544$$1G:(DE-HGF)POF2-540$$2G:(DE-HGF)POF2-500$$3G:(DE-HGF)POF2$$4G:(DE-HGF)POF$$aDE-HGF$$bStruktur der Materie$$lForschung mit Photonen, Neutronen, Ionen$$vIn-house Research with PNI$$x0
000097407 9141_ $$y2014
000097407 915__ $$0StatID:(DE-HGF)0420$$2StatID$$aNationallizenz
000097407 915__ $$0StatID:(DE-HGF)0200$$2StatID$$aDBCoverage$$bSCOPUS
000097407 915__ $$0StatID:(DE-HGF)0300$$2StatID$$aDBCoverage$$bMedline
000097407 915__ $$0StatID:(DE-HGF)0310$$2StatID$$aDBCoverage$$bNCBI Molecular Biology Database
000097407 915__ $$0StatID:(DE-HGF)0100$$2StatID$$aJCR
000097407 915__ $$0StatID:(DE-HGF)9900$$2StatID$$aIF < 5
000097407 915__ $$0StatID:(DE-HGF)0199$$2StatID$$aDBCoverage$$bThomson Reuters Master Journal List
000097407 915__ $$0StatID:(DE-HGF)0110$$2StatID$$aWoS$$bScience Citation Index
000097407 915__ $$0StatID:(DE-HGF)0150$$2StatID$$aDBCoverage$$bWeb of Science Core Collection
000097407 915__ $$0StatID:(DE-HGF)0111$$2StatID$$aWoS$$bScience Citation Index Expanded
000097407 915__ $$0StatID:(DE-HGF)1150$$2StatID$$aDBCoverage$$bCurrent Contents - Physical, Chemical and Earth Sciences
000097407 920__ $$lyes
000097407 9201_ $$0I:(DE-Ds200)SHC-20090422OR109$$kSHC$$lSHE Chemie$$x0
000097407 9201_ $$0I:(DE-Ds200)HIM-20110223OR116$$kHIM$$lHI Mainz$$x1
000097407 980__ $$ajournal
000097407 980__ $$aVDB
000097407 980__ $$aI:(DE-Ds200)20110830OR109
000097407 980__ $$aI:(DE-Ds200)SHC-20090422OR109
000097407 980__ $$aI:(DE-Ds200)20120319OR116
000097407 980__ $$aI:(DE-Ds200)HIM-20110223OR116
000097407 980__ $$aUNRESTRICTED